000 00786nam a2200229 i 4500
001 bg
100 1 _aPUDLOWSKI, Zenon J.
245 0 _aComputers in electrical engineering education - research, development and application /
_ced. by Zenon J. Pudlowski ; with contributions by Zoran Hlebar [et al.].
260 _aMelbourne :
_bUSICEE,
_c1995.
300 _a165 s. :
_bfot., rys., wykr. ;
_c24 cm.
504 _aBibliogr. przy art.
650 9 _aKomputery
_xstosowanie
_xnauczanie
_xelektrotechnika
650 9 _aElektrotechnika
_xszkolnictwo wyższe
_xnauczanie
700 1 _aHLEBAR, Zoran.
020 _a0732605406
040 _cBPK
041 0 _aen
080 _a37.031.4:378.662:621.3
920 _a0-7326-0540-6
942 _cKS
008 s pl f |000 0 pol
999 _c30902
_d30902
856 _uhttp://koha.tu.koszalin.pl/cgi-bin/koha/opac-detail.pl?biblionumber=30902
_yKatalog online BPK